000 00355nam a2200133Ia 4500
008 240624s9999 xx 000 0 und d
041 _aeng
082 _a332.60285 REG
100 _aREGENSTEIN JONATHAN K
245 _aREPRODUCIBLE FINANCE WITH R CODE FLOWS A
260 _c2019
_aLondon
_bCRC Press
300 _axvii, 230 p.; 23 cm.
365 _cBPS
_b35
999 _c31515
_d31515